| 000 | 00000nam##2200000za#4500 |
| 001 | 9.570765 |
| 003 | CaOODSP |
| 005 | 20210624182411 |
| 007 | cr ||||||||||| |
| 008 | 150406|2007||||xxc|||||o f|0| 0 eng|d |
| 022 | |a1919-5087 |
| 040 | |aCaOODSP|beng |
| 043 | |an-cn--- |
| 086 | 1 |aFs70-6/2007-038E-PDF |
| 110 | 1 |aCanada. |bDepartment of Fisheries and Oceans. |bNational Capital Region. |
| 245 | 10|aDocumenting habitat use of species at risk and quantifying habitat quality |h[electronic resource] |
| 246 | 1 |aNational Capital Region - provision of advice on habitat use and quantification of habitat quality |
| 260 | |aOttawa - Ontario : |bFisheries and Oceans Canada. |cNovember 2007. |
| 300 | |a13p.|bcoloured map |
| 490 | 1 |aCanadian Science Advisory Secretariat science advisory report |x1919-5087|v2007/038, National Capital Region |
| 590 | |a11-20-Supp|b2011-09-29 |
| 775 | 08|tDocumentation de l'utilisation de l'habitat par les espèces en péril et quantification de la qualité de l'habitat |w(CaOODSP)9.601412 |
| 830 | #0|aScience advisory report (Canadian Science Advisory Secretariat)|x1919-5087|v2007/038, National Capital Region|w(CaOODSP)9.506226 |
| 856 | 40|ahttp://publications.gc.ca|qPDF|s90 KB|uhttps://publications.gc.ca/collections/collection_2011/mpo-dfo/Fs70-6-2007-038-eng.pdf|y2007/038, National Capital Region |